000
00297nam a22001337a 4500
020
_a
0-446-67745-0
082
_a
159
_b
KIY/R
100
_a
KIYOSAKI,ROBERT, T
245
_a
RICH DAD,POOR DAD
260
_a
USA
_b
WARNER BOOKS
300
_a
207
650
_a
PERSONALITY DEVELOPMENT
_z
USA
942
_c
BK
999
_c
5262
_d
5262